| 000 | 00390nam a2200145 a 4500 | ||
|---|---|---|---|
| 005 | 20140412111306.0 | ||
| 008 | 100122s19uu xx 00 eng d | ||
| 020 | _a0-439-09942-0 | ||
| 050 |
_aTR(PS E _bM36 1993 |
||
| 100 | _aMarzollo, Jean | ||
| 245 |
_aHappy Birthday, Martin Luther King / _cJean Marzollo. |
||
| 260 |
_aU.S.A : _bScholastic, _c1993. |
||
| 300 | _aunp. | ||
| 999 |
_c103672 _d103672 |
||